Найближчі до України країни - Statistics

General Stats
  • This quiz has been taken 42 times
  • The average score is 14 of 20
Answer Stats
km країна % Correct
0 Молдова
97%
0 Польща
97%
0 Росія
97%
0 Білорусь
94%
0 Румунія
88%
0 Угорщина
81%
220 Литва
81%
0 Словаччина
78%
467 Латвія
78%
264 Чехія
75%
148 Болгарія
69%
365 Туреччина
59%
417 Грузія
53%
372 Австрія
50%
469 Словенія
50%
368 Хорватія
47%
432 Греція
44%
436 Боснія і Герцеговина
44%
285 Сербія
38%
468 Казахстан
34%
No matching quizzes found
Score Distribution
Percent of People with Each Score
Percentile by Number Answered
Your Score History
You have not taken this quiz